Normal view MARC view
  • México (D.F.).

Entry Nombre Corporativo

Number of records used in: 7

001 - NÚMERO DE CONTROL

  • campo de control: 24607

003 - IDENTIFICADOR DE NUMERO DE CONTROL

  • campo de control: MX-MxUPN

005 - FECHA Y HORA DE LA ÜLTIMA TRANSACCIÓN

  • campo de control: 20240621112455.0

008 - DATOS DE LONGITUD FIJA

  • campo de control de longitud fija: 240621nn|acnnnbabn | aaa |d

035 ## - NÚMERO DE CONTROL

  • Número de control: UPN10000024616

040 ## - FUENTE DE CATALOGACIÓN

  • Lenguaje de catalogación: spa
  • Agencia transcribe: MX-MxUPN
  • Agencia original de catalogación: MX-MxUPN

110 2# - ENCABEZAMIENTO - NOMBRE CORPORATIVO

  • Nombre corporativo o de jurisdicción como elemento de entrada : México (D.F.).
  • Unidad subordinada: Departamento del Distrito Federal

551 ## - MENCIÓN DE REFERENCIA “VÉASE ADEMÁS”- NOMBRE GEOGRÁFICO

  • Geographic name: Ciudad de México
  • Control subfield: b

551 ## - MENCIÓN DE REFERENCIA “VÉASE ADEMÁS”- NOMBRE GEOGRÁFICO

  • Geographic name: Distrito Federal (México)
  • Control subfield: nno

670 ## - FUENTE EN LA QUE SE LOCALIZARON DATOS

  • Cita de la fuente : Escamilla González, G. Lista de encabezamientos de materia, 1978 :
  • Información localizada: página 566 (México (D.F.). Departamento del Distrito Federal+)

902 ## - CATALOGADOR

  • Catalogador: MCM/110299